00733 a2200157 4500952011800000999001500118020001500133050001600148110007900164245013100243264010200374300001200476500002200488650004000510942002500550 00102lcc40708NFICaCCLbCCLcGENd2021-04-26l0oZ674INF2000p004254r2021-04-26 00:00:00tC1w2021-04-26yBK c6509d6509 a9290812486 aZ674INF2000 aTechnical Centre for Agricultural and Rural Cooperation (Ede, Netherlands) a Information for agricultural and rural development in ACP countries :bemerging stakeholders,new media, and priority themes / aWageningen, Netherlands : bTechnical Centre for Agricultural and Rural Cooperation (CTA), c2001 a316p. : aincludes appendix a Agricultural information networks. 2lcccBKh674iINFkZ